Construction project management & estimating for beginners ; [2in1] from estimates to execution - mastering project bids, estimating technique and management essential for new professionals / Jack Miller. (Record no. 22447)

000 -LEADER
fixed length control field 00603nam a22001337a 4500
082 ## - DEWEY DECIMAL CLASSIFICATION NUMBER
Classification number 690.068
Item number M648
100 ## - MAIN ENTRY--AUTHOR NAME
Personal name Miller, Jack, author.
245 ## - TITLE STATEMENT
Title Construction project management & estimating for beginners ; [2in1] from estimates to execution - mastering project bids, estimating technique and management essential for new professionals / Jack Miller.
260 ## - PUBLICATION, DISTRIBUTION, ETC. (IMPRINT)
Place of publication [Place of publication not identified :
Name of publisher Name of publication not identified],
Year of publication c2025.
650 ## - SUBJECT ADDED ENTRY--TOPICAL TERM
Topical Term Construction industry-Management.
650 ## - SUBJECT ADDED ENTRY--TOPICAL TERM
Topical Term Construction projects-Management
650 ## - SUBJECT ADDED ENTRY--TOPICAL TERM
Topical Term Project Management.
942 ## - ADDED ENTRY ELEMENTS (KOHA)
Koha item type Electronic Books
Holdings
Source of acquisition Permanent Location Date acquired Collection code Koha item type Lost status Shelving location Withdrawn status Current Location Full call number
DonationCagayan State University - Carig Library2026-04-15E-BooksElectronic Books E-Resource Section Cagayan State University - Carig Library690.068 M648 2025

Cagayan State University University Library, Carig Campus
Tuguegarao City, Cagayan 3500 | www.csucarig.edu.ph

Powered by Koha